Normal view
MARC view
- KLINKE'S,REICHENBACH
Entry Personal Name
001 - CONTROL NUMBER
- control field: 133202
003 - CONTROL NUMBER IDENTIFIER
- control field: NUST
005 - DATE AND TIME OF LATEST TRANSACTION
- control field: 20260216100827.0
008 - FIXED-LENGTH DATA ELEMENTS
- fixed length control field: 260216|| aca||aabn | a|a d
040 ## - CATALOGING SOURCE
- Original cataloging agency: NUST
- Transcribing agency: NUST
100 ## - HEADING--PERSONAL NAME
- Personal name: KLINKE'S,REICHENBACH
670 ## - SOURCE DATA FOUND
- Source citation: Work cat.: (NUST): KLINKE'S,REICHENBACH., FISH PATHOLOGY /, 597.
